| 000 | 00547nam a2200193Ia 4500 | ||
|---|---|---|---|
| 005 | 20250508152259.0 | ||
| 008 | 008 250505s9999 xx 000 0 eng d | ||
| 037 | _aTextual | ||
| 040 |
_aFEDL _beng _cFEDL |
||
| 041 |
_aeng _2eng |
||
| 084 |
_a330.954, RAN _qFEDL |
||
| 100 |
_aRangnekar D.K. _9479228 |
||
| 245 | 0 | _aPoverty and capital development in India | |
| 260 |
_aLondon, UK _bOxford Univeristy Press _c1958 |
||
| 300 | _axii,316p. | ||
| 650 | _aEconomics | ||
| 942 |
_cTEXL _h330.954, RAN |
||
| 999 |
_c1335481 _d1335481 |
||